000 00446nam a2200181 4500
020 _a0030851033(pbk.)
040 _cDLC
082 _a304 HOL 1971 A019 Or.
100 1 _aHarte, John,
245 1 0 _aPatient earth
260 _aNew York,
_bHolt, Rinehart and Winston
_c[1971]
300 _axv, 364 p.
_billus., maps.
_c24 cm
650 0 _aEcology
650 0 _aPollution
650 0 _aPopulation
700 1 _aSocolow, Robert H
942 _cEK
999 _c12450
_d12450